| 000 -LEADER |
| fixed length control field |
00363nam a22001457a 4500 |
| 008 - FIXED-LENGTH DATA ELEMENTS--GENERAL INFORMATION |
| fixed length control field |
221031b ||||| |||| 00| 0 eng d |
| 020 ## - INTERNATIONAL STANDARD BOOK NUMBER |
| International Standard Book Number |
2740182667056 |
| 041 ## - LANGUAGE CODE |
| Language code of text/sound track or separate title |
eng |
| 080 ## - UNIVERSAL DECIMAL CLASSIFICATION NUMBER |
| Edition identifier |
THIRTEENTH EDITION |
| Universal Decimal Classification number |
330.722 |
| 082 ## - DEWEY DECIMAL CLASSIFICATION NUMBER |
| Classification number |
330.722 |
| 100 ## - Rafti |
| Rafti |
23.2 |
| 101 ## - Shkurtesa |
| Shkurtesa |
mana |
| 245 ## - TITLE STATEMENT |
| Title |
FUNDAMENTALS OF FINANCIAL MANAGEMENT |
| Statement of responsibility, etc |
HOUSTON BRIGHAM |
| 942 ## - ADDED ENTRY ELEMENTS (KOHA) |
| Source of classification or shelving scheme |
|
| Item type |
Books |